| 000 | 00518nam a2200217Ia 4500 | ||
|---|---|---|---|
| 008 | 210210b2001 xxu||||| |||| 00| 0 eng d | ||
| 020 | _a9788173710698 | ||
| 041 | _aeng | ||
| 082 | _a548 TARB | ||
| 100 | _aTAREEN (Jak) | ||
| 245 | _aBasic course in crystallography | ||
| 260 |
_aHyderabad _bUniversities Press _c2001 |
||
| 300 | _aIV--205 | ||
| 650 | _ain | ||
| 650 | _acrystallography | ||
| 650 | _acourse | ||
| 650 | _aBasic | ||
| 690 | _aCrystallography | ||
| 700 | _aKUTTY (T R N) | ||
| 906 | _a063101 | ||
| 999 |
_c132829 _d132829 |
||